Central Library OPAC University of Rajshahi

Authentic voices of South Asia / (Record no. 64055)

MARC details
000 -LEADER
fixed length control field 00803nam a2200253 a 4500
001 - CONTROL NUMBER
control field 64055
003 - CONTROL NUMBER IDENTIFIER
rucl marc code BD-RjUL
005 - DATE AND TIME OF LATEST TRANSACTION
control field 20211209081251.0
008 - FIXED-LENGTH DATA ELEMENTS--GENERAL INFORMATION
fixed length control field 170208s2005 enkab b 001 0 eng
020 ## - INTERNATIONAL STANDARD BOOK NUMBER
International Standard Book Number 0954892909
International Standard Book Number 0954892917 (pbk)
035 ## - SYSTEM CONTROL NUMBER
System control number (BD-RjUL)64185
040 ## - CATALOGING SOURCE
Original cataloging agency DLC
Transcribing agency DLC
Language of cataloging eng
Modifying agency BD-RjUL
041 ## - LANGUAGE CODE
Language code of text/sound track or separate title eng
082 ## - DEWEY DECIMAL CLASSIFICATION NUMBER
Edition number 23
Classification number 320.954
Author mark and year AUT 2005
245 10 - TITLE STATEMENT
Title Authentic voices of South Asia /
Statement of responsibility, etc. editor, Usman Khalid.
260 ## - PUBLICATION, DISTRIBUTION, ETC. (IMPRINT)
Place of publication, distribution, etc. London :
-- Islamabad :
Name of publisher, distributor, etc. Distributors, The Pakistan Forum,
Date of publication, distribution, etc. 2005.
300 ## - PHYSICAL DESCRIPTION
Pagination vi, 354 p. :
Illustrations ill. ;
Size 24 cm.
504 ## - BIBLIOGRAPHY, ETC. NOTE
Bibliography, etc Includes bibliographical references and index.
651 #0 - SUBJECT ADDED ENTRY--GEOGRAPHIC NAME
Geographic name South Asia
General subdivision Politics and government.
9 (RLIN) 171877
700 1# - ADDED ENTRY--PERSONAL NAME
Personal name Khalid, Usman.
710 2# - ADDED ENTRY--CORPORATE NAME
Corporate name or jurisdiction name as entry element London Institute of South Asia.
9 (RLIN) 190258
942 ## - ADDED ENTRY ELEMENTS (KOHA)
Source of classification or shelving scheme Dewey Decimal Classification
Koha item type Books
Holdings
Lost status Source of classification or shelving scheme Damaged status Not for loan Collection code Permanent Location Current Location Shelving location Date acquired Source of acquisition Total Checkouts Full call number Date last seen Copy number Koha item type
  Dewey Decimal Classification   Not For Loan Non-fiction Central Library, University of Rajshahi Central Library, University of Rajshahi Reading Room 11/12/2006 Asia foundation   320.954 AUT 2005 08/02/2017 C-1 Books